000 00592nam a2200169 i 4500
001 51001
003 ES-MaACL
005 20230906162256.0
007 t|
008 030808s1961 sp |||| | spa d
245 0 0 _aCurso LV de vascuence Euskal-Ikastaldia Polyglophone CCC
_b: grado primero /
_crealizado bajo los auspicios de la Academia de la Lengua Vasca.
260 _aSan Sebastián :
_bPolyglophone CCC,
_c[1961]
300 _a1 v. (13 cuad.) ;
_c28 cm.
650 0 4 _aLengua vasca-
_vMétodos.
_914339
710 2 _aReal Academia de la Lengua Vasca.
_96316
852 _aES-MaACL
_jG-6176
999 _c51001
_d51001